|
|
|
|
| LEADER |
00000nbm0a2200000 4500 |
| 001 |
134154 |
| 005 |
20231031135559.0 |
| 035 |
|
|
|a (RuTPU)RU\TPU\book\145405
|
| 090 |
|
|
|a 134154
|
| 100 |
|
|
|a 20080326d1970 k y0rusy50 ca
|
| 101 |
0 |
|
|a rus
|
| 102 |
|
|
|a RU
|
| 105 |
|
|
|a a m 001zy
|
| 200 |
1 |
|
|a Разработка аппаратуры для исследования стабильности импульсной интенсивности излучения сильноточного бетатрона
|e Диссертация на соискание ученой степени кандидата технических наук
|f Ю. А. Громов
|g Томский политехнический институт (ТПИ) ; Научно-исследовательский институт ядерной физики, электроники и автоматики ; науч. рук. В. А. Москалев
|
| 210 |
|
|
|a Томск
|d 1970
|
| 215 |
|
|
|a 131 л.
|c ил.
|
| 320 |
|
|
|a Библиогр.: с. 124-129 (82 назв.)
|
| 610 |
1 |
|
|a диссертации
|
| 610 |
1 |
|
|a аппаратура
|
| 610 |
1 |
|
|a бетатроны
|
| 610 |
1 |
|
|a излучение
|
| 610 |
1 |
|
|a стабильность
|
| 610 |
1 |
|
|a импульсная интенсивность
|
| 610 |
1 |
|
|a регистрирующие приборы
|
| 675 |
|
|
|a 539.1.076.613(04)
|v 3
|
| 700 |
|
1 |
|a Громов
|b Ю. А.
|
| 702 |
|
1 |
|a Москалев
|b В. А.
|c российский ученый
|c электротехник
|c профессор Томского политехнического университета
|f 1927-
|g Владилен Александрович
|2 stltpush
|3 (RuTPU)RU\TPU\pers\12401
|4 727
|
| 712 |
0 |
2 |
|a Томский политехнический институт (ТПИ)
|b Научно-исследовательский институт ядерной физики, электроники и автоматики (НИИ ЯФЭА)
|c (1958-1975)
|2 stltpush
|3 (RuTPU)RU\TPU\col\12423
|
| 801 |
|
1 |
|a RU
|b 63413507
|c 20080326
|g PSBO
|
| 801 |
|
2 |
|a RU
|b 63413507
|c 20080404
|g PSBO
|
| 942 |
|
|
|c BK
|